Massachusetts Bird List - Statistics

General Stats
  • This quiz has been taken 249 times
  • The average score is 114 of 494
Answer Stats
Hint Answer % Correct
Blue Jay
78%
Bald Eagle
67%
Mallard
63%
Red-tailed Hawk
59%
Canada Goose
56%
Golden Eagle
56%
Redhead
56%
Great Horned Owl
52%
Peregrine Falcon
52%
American Crow
48%
Common Loon
48%
Common Raven
48%
Eastern Bluebird
48%
European Starling
48%
Mourning Dove
48%
Mute Swan
48%
Osprey
48%
Snowy Owl
48%
Barn Owl
44%
Barred Owl
44%
Black-capped Chickadee
44%
Bufflehead
44%
Chimney Swift
44%
Fish Crow
44%
Gray Jay
44%
Great Blue Heron
44%
House Sparrow
44%
Northern Cardinal
44%
Red-winged Blackbird
44%
Song Sparrow
44%
Yellow Warbler
44%
American Goldfinch
41%
American Kestrel
41%
Brown Creeper
41%
Eastern Kingbird
41%
Herring Gull
41%
Killdeer
41%
Laughing Gull
41%
Merlin
41%
Ovenbird
41%
Purple Martin
41%
Red-breasted Merganser
41%
Red-headed Woodpecker
41%
Red-shouldered Hawk
41%
Ruff
41%
Snow Bunting
41%
Snow Goose
41%
White-breasted Nuthatch
41%
American Robin
37%
American Woodcock
37%
Black-and-white Warbler
37%
Black Vulture
37%
Blue-winged Teal
37%
Boreal Owl
37%
Brant
37%
Canvasback
37%
Chipping Sparrow
37%
Dark-eyed Junco
37%
Downy Woodpecker
37%
Great Black-backed Gull
37%
Greater Yellowlegs
37%
Green-winged Teal
37%
Hooded Merganser
37%
Northern Parula
37%
Red-breasted Nuthatch
37%
Red-eyed Vireo
37%
Rose-breasted Grosbeak
37%
Ruby-throated Hummingbird
37%
Sandhill Crane
37%
Surf Scoter
37%
Tufted Titmouse
37%
Turkey Vulture
37%
Wild Turkey
37%
Wood Duck
37%
American Oystercatcher
33%
American Redstart
33%
Arctic Tern
33%
Barn Swallow
33%
Belted Kingfisher
33%
Blackburnian Warbler
33%
Black Skimmer
33%
Black-throated Blue Warbler
33%
Common Grackle
33%
Common Merganser
33%
Common Nighthawk
33%
Cooper's Hawk
33%
Fox Sparrow
33%
Gadwall
33%
Greater Scaup
33%
Green Heron
33%
Gyrfalcon
33%
Hairy Woodpecker
33%
Indigo Bunting
33%
King Rail
33%
Lapland Longspur
33%
Lesser Scaup
33%
Lesser Yellowlegs
33%
Long-eared Owl
33%
Northern Flicker
33%
Northern Pintail
33%
Northern Shoveler
33%
Piping Plover
33%
Pomarine Jaeger
33%
Purple Finch
33%
Ring-billed Gull
33%
Ring-necked Pheasant
33%
Rock Pigeon
33%
Sanderling
33%
Scarlet Tanager
33%
Snowy Egret
33%
Sora
33%
Spotted Sandpiper
33%
Veery
33%
Whimbrel
33%
Willet
33%
American Black Duck
30%
Anhinga
30%
Atlantic Puffin
30%
Baltimore Oriole
30%
Black-throated Green Warbler
30%
Brown Pelican
30%
Cedar Waxwing
30%
Common Goldeneye
30%
Common Tern
30%
Eastern Screech-Owl
30%
Eastern Towhee
30%
Glossy Ibis
30%
Grasshopper Sparrow
30%
Great Egret
30%
Great Gray Owl
30%
Harlequin Duck
30%
House Finch
30%
House Wren
30%
King Eider
30%
Least Sandpiper
30%
Little Blue Heron
30%
Long-billed Curlew
30%
Mountain Bluebird
30%
Northern Saw-whet Owl
30%
Pacific Loon
30%
Parasitic Jaeger
30%
Purple Gallinule
30%
Purple Sandpiper
30%
Red-throated Loon
30%
Semipalmated Plover
30%
Short-eared Owl
30%
Tundra Swan
30%
Virginia Rail
30%
White-throated Sparrow
30%
Wilson's Warbler
30%
Yellow-breasted Chat
30%
Yellow-rumped Warbler
30%
American Coot
26%
American Golden-Plover
26%
American Tree Sparrow
26%
Barrow's Goldeneye
26%
Black-bellied Plover
26%
Black-crowned Night-Heron
26%
Blackpoll Warbler
26%
Bohemian Waxwing
26%
Broad-winged Hawk
26%
Brown Thrasher
26%
Calliope Hummingbird
26%
Carolina Wren
26%
Common Eider
26%
Common Yellowthroat
26%
Double-crested Cormorant
26%
Dunlin
26%
Eastern Meadowlark
26%
Eastern Phoebe
26%
Eurasian Jackdaw
26%
Evening Grosbeak
26%
Fulvous Whistling-Duck
26%
Garganey
26%
Glaucous Gull
26%
Great Cormorant
26%
Hermit Thrush
26%
Horned Lark
26%
Hudsonian Godwit
26%
Lark Bunting
26%
Long-billed Dowitcher
26%
Long-tailed Jaeger
26%
Marbled Godwit
26%
Mississippi Kite
26%
Northern Bobwhite
26%
Northern Hawk Owl
26%
Northern Shrike
26%
Pileated Woodpecker
26%
Red-bellied Woodpecker
26%
Red Knot
26%
Ring-necked Duck
26%
Ruddy Turnstone
26%
Ruffed Grouse
26%
Savannah Sparrow
26%
Semipalmated Sandpiper
26%
Short-billed Dowitcher
26%
Summer Tanager
26%
Swallow-tailed Kite
26%
Tree Swallow
26%
Upland Sandpiper
26%
White-crowned Sparrow
26%
White Ibis
26%
White-winged Scoter
26%
Winter Wren
26%
Wood Stork
26%
Wood Thrush
26%
Worm-eating Warbler
26%
Yellow-billed Cuckoo
26%
Yellow Rail
26%
Alder Flycatcher
22%
American Avocet
22%
American Wigeon
22%
Barnacle Goose
22%
Black-billed Cuckoo
22%
Black-headed Gull
22%
Black-legged Kittiwake
22%
Black Scoter
22%
Blue-winged Warbler
22%
Bonaparte's Gull
22%
Brown Booby
22%
Brown-headed Cowbird
22%
Cape May Warbler
22%
Cattle Egret
22%
Chestnut-sided Warbler
22%
Chuck-will's-widow
22%
Cinnamon Teal
22%
Clapper Rail
22%
Common Redpoll
22%
Eastern Whip-poor-will
22%
Eastern Wood-Pewee
22%
Eskimo Curlew
22%
Eurasian Collared-Dove
22%
Eurasian Hobby
22%
Eurasian Kestrel
22%
Eurasian Wigeon
22%
Field Sparrow
22%
Golden-crowned Kinglet
22%
Golden-winged Warbler
22%
Great Skua
22%
Horned Grebe
22%
Iceland Gull
22%
Little Egret
22%
Loggerhead Shrike
22%
Long-tailed Duck
22%
Marsh Wren
22%
Mountain Plover
22%
Northern Gannet
22%
Northern Goshawk
22%
Northern Lapwing
22%
Painted Bunting
22%
Pied-billed Grebe
22%
Pine Siskin
22%
Prothonotary Warbler
22%
Ross's Goose
22%
Rough-legged Hawk
22%
Ruddy Duck
22%
Scissor-tailed Flycatcher
22%
Seaside Sparrow
22%
Snowy Plover
22%
Solitary Sandpiper
22%
Spotted Towhee
22%
Stilt Sandpiper
22%
Tennessee Warbler
22%
Willow Flycatcher
22%
Wilson's Snipe
22%
Wilson's Storm-Petrel
22%
Yellow-throated Warbler
22%
American Bittern
19%
American Pipit
19%
Black Rail
19%
Blue-gray Gnatcatcher
19%
Bobolink
19%
Boreal Chickadee
19%
Brewer's Blackbird
19%
Brown Noddy
19%
Burrowing Owl
19%
Canada Warbler
19%
Cerulean Warbler
19%
Clay-colored Sparrow
19%
Common Cuckoo
19%
Common Gallinule
19%
Common Murre
19%
Connecticut Warbler
19%
Cory's Shearwater
19%
Dovekie
19%
Eared Grebe
19%
Forster's Tern
19%
Gray Catbird
19%
Greater White-fronted Goose
19%
Hoary Redpoll
19%
Ivory Gull
19%
Lazuli Bunting
19%
Least Flycatcher
19%
Least Tern
19%
Le Conte's Sparrow
19%
Lesser Black-backed Gull
19%
Magnolia Warbler
19%
Mew Gull
19%
Northern Harrier
19%
Northern Mockingbird
19%
Northern Waterthrush
19%
Painted Redstart
19%
Palm Warbler
19%
Phainopepla
19%
Philadelphia Vireo
19%
Pine Warbler
19%
Razorbill
19%
Red Crossbill
19%
Red Phalarope
19%
Ruby-crowned Kinglet
19%
Rufous Hummingbird
19%
Say's Phoebe
19%
Sharp-shinned Hawk
19%
South Polar Skua
19%
Sprague's Pipit
19%
Townsend's Warbler
19%
Western Kingbird
19%
Western Tanager
19%
White-eyed Vireo
19%
White-winged Dove
19%
Willow Ptarmigan
19%
Wilson's Phalarope
19%
Yellow-bellied Sapsucker
19%
Yellow-crowned Night-Heron
19%
Allen's Hummingbird
15%
American White Pelican
15%
Band-tailed Pigeon
15%
Bewick's Wren
15%
Bicknell's Thrush
15%
Black-Bellied Whistling-Duck
15%
Black-tailed Godwit
15%
Black-throated Gray Warbler
15%
Brambling
15%
Cackling Goose
15%
California Gull
15%
Caspian Tern
15%
Cliff Swallow
15%
Common Ground-Dove
15%
Common Ringed Plover
15%
Crested Caracara
15%
Curlew Sandpiper
15%
Dickcissel
15%
European Turtle-Dove
15%
Fork-tailed Flycatcher
15%
Gray-cheeked Thrush
15%
Harris's Sparrow
15%
Henslow's Sparrow
15%
Hermit Warbler
15%
Kirtland's Warbler
15%
Lincoln's Sparrow
15%
Little Gull
15%
Lucy's Warbler
15%
Magnificent Frigatebird
15%
McCown's Longspur
15%
Monk Parakeet
15%
Mourning Warbler
15%
Nashville Warbler
15%
Nelson's Sparrow
15%
Northern Fulmar
15%
Orchard Oriole
15%
Passenger Pigeon
15%
Pectoral Sandpiper
15%
Prairie Warbler
15%
Rock Wren
15%
Sabine's Gull
15%
Sage Thrasher
15%
Sedge Wren
15%
Steller’s Eider
15%
Swainson's Thrush
15%
Swamp Sparrow
15%
Terek Sandpiper
15%
Thick-billed Murre
15%
Tricolored Heron
15%
Violet-green Swallow
15%
Western Grebe
15%
Western Meadowlark
15%
White-faced Ibis
15%
Wilson's Plover
15%
Yellow-bellied Flycatcher
15%
Acadian Flycatcher
11%
American Three-toed Woodpecker
11%
Audubon's Shearwater
11%
Baird's Sandpiper
11%
Bar-tailed Godwit
11%
Bay-breasted Warbler
11%
Bell's Vireo
11%
Bermuda Petrel
11%
Black-backed Woodpecker
11%
Black-capped Petrel
11%
Black-chinned Hummingbird
11%
Black Guillemot
11%
Black-headed Grosbeak
11%
Black-necked Stilt
11%
Black Tern
11%
Blue Grosbeak
11%
Blue-headed Vireo
11%
Bridled Tern
11%
Broad-billed Hummingbird
11%
Buff-breasted Sandpiper
11%
Bullock's Oriole
11%
Cave Swallow
11%
Chestnut-collared Longspur
11%
Common Chaffinch
11%
Couch's Kingbird
11%
Eurasian Curlew
11%
Fieldfare
11%
Gray-tailed Tattler
11%
Great Auk
11%
Great Crested Flycatcher
11%
Greater Prairie-Chicken
11%
Greater Shearwater
11%
Green-tailed Towhee
11%
Hooded Warbler
11%
Kentucky Warbler
11%
Labrador Duck
11%
Lark Sparrow
11%
Leach's Storm-Petrel
11%
Least Bittern
11%
Louisiana Waterthrush
11%
Manx Shearwater
11%
Northern Rough-winged Swallow
11%
Olive-sided Flycatcher
11%
Orange-crowned Warbler
11%
Red-footed Falcon
11%
Red-necked Grebe
11%
Red-necked Phalarope
11%
Ross's Gull
11%
Saltmarsh Sparrow
11%
Sandwich Tern
11%
Shiny Cowbird
11%
Smith's Longspur
11%
Sooty Shearwater
11%
Sooty Tern
11%
Spotted Redshank
11%
Swainson's Hawk
11%
Thayer's Gull
11%
Townsend's Solitaire
11%
Tropical Kingbird
11%
Tufted Duck
11%
Wandering Tattler
11%
Warbling Vireo
11%
Western Sandpiper
11%
White-rumped Sandpiper
11%
White-tailed Kite
11%
White-winged Tern
11%
Yellow-headed Blackbird
11%
Yellow-legged Gull
11%
Yellow-throated Vireo
11%
Ash-throated Flycatcher
7%
Band-rumped Storm-Petrel
7%
Bank Swallow
7%
Barolo Shearwater
7%
Black-browed Albatross
7%
Black-throated Sparrow
7%
Broad-billed Sandpiper
7%
Brown-chested Martin
7%
Cassin's Kingbird
7%
Cassin's Sparrow
7%
Elegant Tern
7%
Franklin's Gull
7%
Golden-crowned Sparrow
7%
Gray Flycatcher
7%
Gull-billed Tern
7%
Hammond's Flycatcher
7%
Lewis's Woodpecker
7%
Little Stint
7%
Masked Duck
7%
Pacific Golden-Plover
7%
Pine Grosbeak
7%
Red-necked Stint
7%
Roseate Tern
7%
Royal Tern
7%
Rusty Blackbird
7%
Sharp-tailed Sandpiper
7%
Swainson's Warbler
7%
Vermilion Flycatcher
7%
Vesper Sparrow
7%
Western Reef-Heron
7%
White-faced Storm-Petrel
7%
White-winged Crossbill
7%
Yellow-green Vireo
7%
Yellow-nosed Albatross
7%
Ancient Murrelet
4%
Black-tailed Gull
4%
Brewer's Sparrow
4%
Gray Kingbird
4%
Long-billed Murrelet
4%
MacGillivray's Warbler
4%
Northern Wheatear
4%
Red-billed Tropicbird
4%
Reddish Egret
4%
Slaty-backed Gull
4%
Varied Thrush
4%
White-tailed Tropicbird
4%
No matching quizzes found
Score Distribution
Percent of People with Each Score
Percentile by Number Answered
Your Score History
You have not taken this quiz